[Event "It (juniors) (under 14) (team)"]
[Site "masterchessopen.com Schleife (Germany)"]
[Date "2010.06.30"]
[Round "3"]
[White "Drozdowski Kacper (POL)"]
[Black "Olofsson-Dolk Mattis (SWE)"]
[Result "1-0"]
[WhiteElo "2303"]
[BlackElo "1915"]

1.d4 Nf6 2.Nf3 g6 3.g3 Bg7 4.Bg2 d5 5.O-O O-O 6.c4 dxc4 7.Qc2 Nc6 8.Qxc4 Nd7
9.Rd1 Nb6 10.Qc2 Bf5 11.e4 Bg4 12.d5 Ne5 13.Nbd2 Nbc4 14.Re1 Nxd2 15.Nxd2 c6
16.f4 Qb6+ 17.Kh1 Nd7 18.Nc4 Qc7 19.Ne3 f5 20.h3 Bh5 21.exf5 gxf5 22.Nxf5 Rxf5
23.Qxf5 Bg6 24.Qe6+ Bf7 25.Qxe7 cxd5 26.Be3 Bxb2 27.Qg5+ Kh8 28.Rad1 Rg8
29.Qe7 Rg7 30.Rc1 Bxc1 31.Rxc1 {#r} 1-0

[Event "Memorial Georgiev-Kesarovski (open)"]
[Site "masterchessopen.com Sunny Beach (Bulgaria)"]
[Date "2010.08.28"]
[Round "1"]
[White "Hristov Petar (BUL)"]
[Black "Faibisovich Vadim Z (RUS)"]
[Result "0-1"]
[WhiteElo "2018"]
[BlackElo "2410"]

1.d4 Nf6 2.Nf3 g6 3.g3 Bg7 4.Bg2 d5 5.O-O O-O 6.c4 dxc4 7.Na3 c3 8.bxc3 c5
9.Rb1 Nc6 10.Ne5 cxd4 11.Nxc6 bxc6 12.cxd4 Bf5 13.Rb7 Ne4 14.Rb4 h5 15.Rc4 Rc8
16.Qa4 Qd7 17.Be3 Qe6 18.Rfc1 Nd6 19.Rxc6 Rxc6 20.Rxc6 Qxa2 21.Qxa7 Qxe2
22.Bf1 Qf3 {#R} 0-1

[Event "Memorial F.Campomanes (open)"]
[Site "masterchessopen.com Manila (Philippines)"]
[Round "5"]
[White "Dimakiling Oliver (PHI)"]
[Black "Kiran Monisha Mohanty (IND)"]
[Result "1-0"]
[WhiteElo "2418"]
[BlackElo "2274"]

1.Nf3 Nf6 2.g3 g6 3.Bg2 Bg7 4.O-O O-O 5.d4 d5 6.c4 dxc4 7.Qa4 Be6 8.Nc3 h6
9.Rd1 c6 10.e4 b5 11.Qc2 a6 12.Ne5 Nbd7 13.Be3 Qc7 14.f4 Nxe5 15.dxe5 Nd7
16.Re1 Rad8 17.a4 b4 18.Nd1 Nxe5 19.fxe5 Qxe5 20.Rb1 Qa5 21.Nf2 b3 22.Qc1 h5
23.Bf1 Qxa4 24.Nd1 Qb4 25.Nc3 a5 26.Ra1 Bxc3 27.bxc3 Qb5 28.Qa3 Ra8 29.Qxe7 a4
30.Ra3 {#r} 1-0

[Event "Ch World (blitz) (w) (1/2 final)"]
[Site "masterchessopen.com Moscow (Russia)"]
[Date "2010.09.15"]
[Round "5"]
[White "Fominykh Maria (RUS)"]
[Black "Nebolsina Vera (RUS)"]
[Result "0-1"]
[WhiteElo "2305"]
[BlackElo "2360"]

1.d4 Nf6 2.Nf3 g6 3.g3 Bg7 4.Bg2 d5 5.O-O O-O 6.c4 dxc4 7.a4 c6 8.Qc2 Be6
9.Na3 Bd5 10.Rd1 Nbd7 11.Nxc4 Nb6 12.Ncd2 Qc8 13.a5 Nbd7 14.e4 Be6 15.h3 h6
16.b4 Ne8 17.Bb2 Nd6 18.Rac1 Nb5 19.Qd3 Nd6 20.Rc2 Qd8 21.g4 f5 22.gxf5 gxf5
23.d5 fxe4 24.Nxe4 Bf5 25.Bxg7 Bxe4 26.Qc3 cxd5 27.Bxh6 Rf7 28.Ng5 Qe8 29.Nxe4
dxe4 30.Qg3+ Kh8 31.Qh4 Rh7 32.Rd5 Qg6 33.Rh5 Rg8 34.Qg4 {#R} 0-1

[Event "Cup Governor's (open)"]
[Site "masterchessopen.com Khanty Mansyisk (Russia)"]
[Date "2010.09.22"]
[Round "6"]
[White "Drogovoz Irina (RUS)"]
[Black "Bulatov Ramil (RUS)"]
[Result "0-1"]
[WhiteElo "1800"]
[BlackElo "2082"]

1.Nf3 Nf6 2.g3 g6 3.Bg2 d5 4.O-O Bg7 5.d4 O-O 6.c4 dxc4 7.Nc3 Nfd7 8.e4 Nb6
9.Be3 Nc6 10.d5 Nb4 11.Nd2 Nd3 12.Bxb6 axb6 13.Qc2 Nb4 14.Qb1 b5 15.Nxb5 c6
16.Nc3 cxd5 17.a3 d4 18.axb4 Rxa1 19.Qxa1 dxc3 20.Nxc4 Qd4 21.Ne3 cxb2 22.Qa3
Be6 23.Rb1 Rc8 24.Bf1 Qd2 25.Kg2 Rc1 26.Qd3 Qxd3 27.Bxd3 Ba2 {#R} 0-1

[Event "It (open)"]
[Site "masterchessopen.com Porec (Croatia)"]
[Date "2010.12.02"]
[Round "2"]
[White "Babic Radoslav (CRO)"]
[Black "Zufic Miroslav (CRO)"]
[Result "0-1"]
[WhiteElo "2141"]
[BlackElo "2429"]

1.Nf3 Nf6 2.g3 g6 3.Bg2 Bg7 4.O-O O-O 5.d4 d5 6.c4 dxc4 7.Na3 Nc6 8.Nxc4 Be6
9.Nce5 Bd5 10.Bf4 Ne8 11.Nxc6 Bxc6 12.Ne5 Bxg2 13.Kxg2 Qd5+ 14.Nf3 Nd6 15.Bxd6
exd6 16.Qc2 Rae8 17.a4 Re7 18.Ra3 b6 19.Re1 Rfe8 20.e4 Rxe4 21.Rxe4 Qxe4
22.Qxc7 Bxd4 23.Qxa7 Bxf2 24.Qa6 Bc5 25.Rc3 Qe2+ {#R} 0-1

[Event "Ch Iran"]
[Site "masterchessopen.com Tabriz (Iran)"]
[Date "2011.01.07"]
[Round "9"]
[White "Arabi Saeid (IRI)"]
[Black "Sedaghati Mehrdad (IRI)"]
[Result "0-1"]
[WhiteElo "2153"]
[BlackElo "2265"]

1.d4 Nf6 2.c4 g6 3.Nf3 Bg7 4.g3 d5 5.Bg2 O-O 6.O-O dxc4 7.Na3 Nc6 8.Nxc4 Be6
9.b3 Qc8 10.Re1 Bh3 11.Bh1 Rd8 12.e3 Ne4 13.Nfe5 Nxe5 14.Bxe4 Nxc4 15.bxc4 c5
16.Rb1 Rb8 17.d5 e6 18.Qa4 exd5 19.Bxd5 Rxd5 20.cxd5 c4 21.e4 Bc3 22.Bf4 Bxe1
23.Rxe1 b5 24.Qxa7 Ra8 25.Qd4 Rxa2 26.Bh6 f6 27.Qxf6 Ra7 28.Be3 Rf7 29.Qe5 h5
30.Bd4 Kh7 31.Ra1 b4 32.Ra6 c3 33.Rf6 Rd7 34.Rc6 b3 35.Qg5 Qxc6 36.dxc6 b2
{#R} 0-1

[Event "Ch Catalunia (team) (Div. Honor)"]
[Site "masterchessopen.com Barcelona (Spain)"]
[Date "2011.02.26"]
[Round "5"]
[White "Godesard Forgas Carles (ESP)"]
[Black "Escofet Martins David (ESP)"]
[Result "0-1"]
[WhiteElo "2059"]
[BlackElo "2195"]

1.Nf3 Nf6 2.g3 g6 3.Bg2 Bg7 4.O-O d5 5.d4 O-O 6.c4 dxc4 7.Na3 c3 8.bxc3 c5
9.Ne5 Nd5 10.Qb3 Nxc3 11.Qxc3 cxd4 12.Qc5 Na6 13.Qb5 Nc7 14.Qa5 b6 15.Nc6 bxa5
16.Nxd8 Rxd8 17.Bxa8 Nxa8 18.Rb1 Nb6 19.Nb5 Bf5 20.Rb3 Be6 21.Nxa7 Bxb3
22.axb3 Nd5 23.Bd2 Nc3 24.Nc6 Nxe2+ 25.Kg2 Rd7 26.Bxa5 d3 27.Rd1 Bc3 28.Bxc3
Nxc3 29.Rd2 Ne4 30.Rd1 d2 31.Ne5 Nc3 {#R} 0-1

[Event "Tournament"]
[Site "masterchessopen.com Barcelona (Spain)"]
[Date "2011.04.05"]
[Round "1"]
[White "Garcia Domingo Angel (ESP)"]
[Black "Vidarte Morales Arturo (ESP)"]
[Result "0-1"]
[WhiteElo "1871"]
[BlackElo "2330"]

1.d4 Nf6 2.Nf3 g6 3.g3 Bg7 4.Bg2 O-O 5.O-O d5 6.c4 dxc4 7.Ne5 Nc6 8.Nxc6 bxc6
9.Na3 Be6 10.Qc2 Qxd4 11.Rd1 Qc5 12.Be3 Qh5 13.Bxc6 Ng4 14.h4 Nxe3 15.fxe3
Rab8 16.Nxc4 Qc5 17.Bf3 Bxc4 {#R} 0-1

[Event "It (open)"]
[Site "masterchessopen.com Fagernes (Norway)"]
[Date "2011.04.17"]
[Round "9"]
[White "Flermoen Peter (NOR)"]
[Black "Kjoita Torgeir"]
[Result "1-0"]
[WhiteElo "2196"]
[BlackElo "1796"]

1.d4 Nf6 2.g3 d5 3.Bg2 g6 4.Nf3 Bg7 5.O-O O-O 6.c4 dxc4 7.Ne5 Ng4 8.Nxg4 Bxg4
9.Bxb7 Nd7 10.Bxa8 Qxa8 11.f3 Bh3 12.Re1 c5 13.d5 Ne5 14.Nc3 Qb7 15.Qc2 h5
16.Be3 Qc7 17.Rad1 f5 18.d6 exd6 19.Nd5 Qb7 20.Nf4 Bg4 21.fxg4 Nxg4 22.Qxc4+
Kh7 23.Bf2 Qxb2 24.Ne6 Re8 25.Rxd6 Be5 26.Rd7+ Kh6 27.Nd8 h4 28.Nf7+ Kh5
29.Nxe5 Rxe5 30.Rh7+ Kg5 31.gxh4+ Kf6 32.Qf7# 1-0

[Event "It (open) \"]
[Site "masterchessopen.com St. Petersburg (Russia)"]
[Date "2011.06.10"]
[Round "4"]
[White "Manin V (UZB)"]
[Black "Chernyak Viktoria (RUS)"]
[Result "1-0"]
[WhiteElo "2253"]
[BlackElo "1808"]

1.d4 Nf6 2.g3 g6 3.Bg2 d5 4.Nf3 Bg7 5.O-O O-O 6.c4 dxc4 7.Nbd2 Nc6 8.Nxc4 Bg4
9.Nce5 Nxe5 10.Nxe5 c6 11.Nxg4 Nxg4 12.e4 Nf6 13.Be3 Qd7 14.h3 Rfd8 15.Qb3 Ne8
16.Rad1 b6 17.f4 Nd6 18.g4 e6 19.e5 Nc8 20.f5 exf5 21.gxf5 gxf5 22.d5 Ne7
23.e6 fxe6 24.dxc6 Qe8 25.c7 Rxd1 26.Rxd1 Rc8 27.Qxe6+ Kf8 28.Rd7 Ng6 29.Qxe8+
Rxe8 30.Rd8 Ne7 31.Bc6 Nxc6 32.Rxe8+ Kxe8 33.c8=Q+ {#r} 1-0

[Event "It (open)"]
[Site "masterchessopen.com Teplice (Czech Republic)"]
[Date "2011.06.17"]
[Round "7"]
[White "Chmelik Ladislav (CZE)"]
[Black "Papay Marek (CZE)"]
[Result "1-0"]
[WhiteElo "1857"]
[BlackElo "1922"]

1.d4 Nf6 2.Nf3 g6 3.g3 Bg7 4.Bg2 O-O 5.O-O d5 6.c4 dxc4 7.Nbd2 c6 8.Nxc4 Nbd7
9.b3 Nb6 10.Nfe5 a5 11.Bd2 a4 12.Bb4 Nfd5 13.Nxb6 Nxb6 14.Bc5 Be6 15.Qc2 Nd7
16.Nxd7 Qxd7 17.bxa4 Ra6 18.Rab1 Rfa8 19.Rb4 Rb8 20.Rfb1 b5 21.R1b2 f5 22.Qd2
Rb7 23.axb5 Rxb5 24.Bxc6 Qxc6 25.Rxb5 Qe4 26.Rb8+ Kf7 27.R2b7 Rxa2 28.Rxe7+
Kf6 29.Qxa2 Bxa2 30.Rxe4 fxe4 31.e3 h5 32.Bd6 Kf5 33.Rb5+ Kg4 34.Kg2 {#r} 1-0

[Event "Tournament (open) (juniors) \"]
[Site "masterchessopen.com Kstovo (Russia)"]
[Date "2011.06.24"]
[Round "7"]
[White "Gorozhanin Mikhail (RUS)"]
[Black "Pristalov Evgeny (RUS)"]
[Result "1-0"]
[WhiteElo "2220"]
[BlackElo "2086"]

1.Nf3 Nf6 2.c4 g6 3.g3 Bg7 4.Bg2 O-O 5.O-O d5 6.d4 dxc4 7.Na3 c3 8.bxc3 c5
9.e3 Nc6 10.Bb2 Nd5 11.e4 Nb6 12.d5 Na5 13.Qe2 Na4 14.Qc2 Nxb2 15.Qxb2 a6
16.Rad1 b5 17.e5 Bb7 18.Qd2 c4 19.Nc2 Rc8 20.Rfe1 Qb6 21.Nfd4 Rfd8 22.Nb4 Kh8
23.Qf4 Kg8 24.Qe3 {#r} 1-0

[Event "Tournament (open)"]
[Site "masterchessopen.com Maringa (Brazil)"]
[Date "2011.07.01"]
[Round "3"]
[White "Choma Ernani Francisco (BRA)"]
[Black "Santana Anderson Pereira (BRA)"]
[Result "1-0"]
[WhiteElo "2350"]
[BlackElo "2096"]

1.Nf3 g6 2.c4 Bg7 3.d4 Nf6 4.g3 d5 5.Bg2 O-O 6.O-O dxc4 7.Na3 Be6 8.Ng5 Nc6
9.Nxe6 fxe6 10.e3 Nd5 11.Nxc4 Qd7 12.Qb3 Rab8 13.Rd1 b5 14.Nd2 a5 15.Ne4 a4
16.Nc5 Qd6 17.Qc2 Ncb4 18.Qe4 Rb6 19.Bd2 Nf6 20.Qxe6+ Qxe6 21.Nxe6 Rxe6
22.Bxb4 c6 23.Rac1 {#r} 1-0

[Event "It (open)"]
[Site "masterchessopen.com Albena (Bulgaria)"]
[Date "2011.07.02"]
[Round "8"]
[White "Radulov Ivan (BUL)"]
[Black "Cheparinov Ivan (BUL)"]
[Result "0-1"]
[WhiteElo "2306"]
[BlackElo "2650"]

1.Nf3 g6 2.g3 Bg7 3.d4 Nf6 4.Bg2 O-O 5.O-O d5 6.c4 dxc4 7.Na3 c3 8.bxc3 c5
9.Bb2 Nc6 10.e3 Bf5 11.Nd2 Bg4 12.Qa4 Qd7 13.Rfe1 a6 14.Bxc6 bxc6 15.Nac4 Qf5
16.Qxc6 Rfc8 17.Qa4 Ne4 18.f3 Bxf3 19.Rf1 Ng5 20.Nxf3 Nxf3+ 21.Kg2 Qd5 22.Rxf3
Rab8 23.e4 Qxe4 24.Ba3 cxd4 25.Nd2 Qa8 26.c4 Bh6 27.Rd1 Rb6 28.Qc2 Re6 29.Nf1
Rf6 30.Qf2 Rxc4 31.Rd3 e5 32.Be7 Rxf3 33.Rxf3 Qe4 {#R} 0-1

[Event "Cup Corporation Centre (open)"]
[Site "masterchessopen.com Izhevsk (Russia)"]
[Date "2011.07.16"]
[Round "2"]
[White "Yaksin Oleg (RUS)"]
[Black "Dzhangobegov Vladimir (RUS)"]
[Result "1-0"]
[WhiteElo "2411"]
[BlackElo "2333"]

1.d4 Nf6 2.Nf3 g6 3.c4 Bg7 4.g3 O-O 5.Bg2 d5 6.O-O dxc4 7.Na3 c3 8.bxc3 c5
9.Qb3 Nc6 10.Rd1 Na5 11.Qb2 cxd4 12.cxd4 Be6 13.Ne5 Bd5 14.f3 Nd7 15.e4 Be6
16.Nxd7 Qxd7 17.Be3 Nc4 18.Nxc4 Bxc4 19.a4 b5 20.axb5 Bxb5 21.f4 Rab8 22.Qa3
a6 23.e5 Bc4 24.d5 Rb3 25.Qc5 Rc8 26.Qd4 Be2 27.Rdc1 Rd3 28.Qb6 Rxc1+ 29.Rxc1
Qa4 30.Rc8+ Bf8 31.Qb8 {#r} 1-0

[Event "Tournament \"]
[Site "masterchessopen.com Cairo (Egypt)"]
[Date "2011.07.28"]
[Round "1"]
[White "Ibrahim Hatim (EGY)"]
[Black "Hesham Abdelrahman (EGY)"]
[Result "0-1"]
[WhiteElo "2394"]
[BlackElo "2302"]

1.d4 Nf6 2.Nf3 g6 3.g3 Bg7 4.Bg2 O-O 5.O-O d5 6.c4 dxc4 7.Na3 c3 8.bxc3 c5
9.Bb2 Nc6 10.e3 cxd4 11.cxd4 Bf5 12.Nc4 Rc8 13.Nfe5 Nxe5 14.Nxe5 Qa5 15.Qb3
Be4 16.f3 Rc2 17.Rfd1 Qd5 18.Ba3 Qxb3 19.axb3 Bd5 20.e4 Bxb3 21.Rdb1 Be6
22.Bxe7 Re8 23.Rxb7 Nd7 24.Bd6 Rd2 25.Ra4 Rc8 26.Bc7 Bxe5 27.dxe5 Nc5 28.Raxa7
Nxb7 29.Rxb7 Rd7 {#R} 0-1

[Event "It (open)"]
[Site "masterchessopen.com Tabor (Czech Republic)"]
[Date "2011.08.02"]
[Round "4"]
[White "Mudrak Josef (CZE)"]
[Black "Vitak Pavel (CZE)"]
[Result "1-0"]
[WhiteElo "2368"]
[BlackElo "2197"]

1.d4 Nf6 2.Nf3 g6 3.g3 Bg7 4.Bg2 d5 5.O-O O-O 6.c4 dxc4 7.Nc3 Nbd7 8.e4 Nb6
9.h3 c6 10.Be3 Ne8 11.Qe2 Nd6 12.a4 a5 13.Rfd1 e6 14.e5 Nf5 15.Bg5 f6 16.exf6
Bxf6 17.Bxf6 Qxf6 18.Ne4 Qe7 19.g4 Nd6 20.Ne5 Nxe4 21.Bxe4 Ra6 22.Ra3 Nd5
23.Nxc4 Nf4 24.Qe3 Qb4 25.Rc1 b5 26.axb5 cxb5 27.Ne5 Qxb2 28.Rc2 Qb4 29.Rac3
Nxh3+ 30.Kh2 Nxf2 31.Rxc8 Nxe4 32.Qxe4 Qe7 33.Nxg6 hxg6 34.Qxg6+ Kh8 35.Kg1
Qg7 36.Rxf8+ {#r} 1-0

[Event "It (open)"]
[Site "masterchessopen.com Poznan (Poland)"]
[Date "2011.08.08"]
[Round "3"]
[White "Bajerlein Dawid (POL)"]
[Black "Bednarska Malgorzata (POL)"]
[Result "1-0"]
[WhiteElo "2067"]
[BlackElo "2137"]

1.d4 Nf6 2.Nf3 g6 3.g3 Bg7 4.Bg2 O-O 5.c4 d5 6.O-O dxc4 7.Na3 c3 8.bxc3 c5
9.Ne5 Nfd7 10.Nac4 Qc7 11.Bf4 Nxe5 12.Nxe5 g5 13.Be3 Na6 14.f4 g4 15.Qb3 h5
16.Bf2 Rb8 17.a4 e6 18.Rfd1 Rd8 19.Rab1 f6 20.Nc4 Bd7 21.d5 b5 22.axb5 Bxb5
23.dxe6 Bc6 24.Qa2 Bxg2 25.Kxg2 Qc6+ 26.Kg1 Qxe6 27.f5 Rxb1 28.Rxb1 Rd2
29.Qxd2 Qxc4 30.Qd3 Qa4 31.Qd5+ Kh7 32.Qf7 {#r} 1-0

[Event "It (open)"]
[Site "masterchessopen.com Feffernitz (Austria)"]
[Date "2011.08.26"]
[Round "7"]
[White "Tsifanskaya Ludmila A (ISR)"]
[Black "Okhotnik Vladimir (FRA)"]
[Result "0-1"]
[WhiteElo "2119"]
[BlackElo "2455"]

1.Nf3 g6 2.d4 Nf6 3.g3 d5 4.Bg2 Bg7 5.O-O O-O 6.c4 dxc4 7.Nbd2 c5 8.dxc5 c3
9.bxc3 Nd5 10.Bb2 Nxc3 11.Bxc3 Bxc3 12.Rc1 Bg7 13.Nb3 Nc6 14.e3 e5 15.Qe2 Qc7
16.Rfd1 Bf5 17.Ng5 h6 18.Ne4 h5 19.h3 Rab8 20.Nd6 Be6 21.Qb5 f5 22.Bd5 Bxd5
23.Rxd5 e4 24.Qc4 Kh7 25.Nb5 Qe7 26.Rd6 h4 27.gxh4 Qxh4 28.Qf1 f4 29.Qg2 Ne5
30.N5d4 fxe3 31.fxe3 Bh6 {#R} 0-1

[Event "Ch Serbia (team Premier) (w)"]
[Site "masterchessopen.com Valjevo (Serbia)"]
[Date "2011.08.30"]
[Round "4"]
[White "Voiska Margarita (BUL)"]
[Black "Stojanovic Andjelija (SRB)"]
[Result "1-0"]
[WhiteElo "2312"]
[BlackElo "2293"]

1.d4 Nf6 2.Nf3 g6 3.g3 Bg7 4.Bg2 O-O 5.O-O d5 6.c4 dxc4 7.Na3 c3 8.bxc3 c5
9.Qb3 Nc6 10.Rd1 Na5 11.Qb2 Bf5 12.Bd2 Be4 13.Be1 Qb6 14.Qxb6 axb6 15.Ne5 Nc6
16.Nac4 Bxg2 17.Kxg2 cxd4 18.cxd4 b5 19.Nxc6 bxc6 20.Na5 Ra6 21.Rdc1 Rc8
22.Rab1 Rb6 23.a4 Ra8 24.Nxc6 Rxa4 25.Nxe7+ Kf8 26.Nc8 Rb8 27.Bb4+ Rxb4
28.Rxb4 Nd5 29.Rb3 Bxd4 30.Rd3 Bb2 31.Rc2 Nc3 32.Rd8+ {#r} 1-0

[Event "Ch Nordic (seniors)"]
[Site "masterchessopen.com Reykjavik (Iceland)"]
[Date "2011.09.15"]
[Round "6"]
[White "Gunnarsson Gunnar K (ISL)"]
[Black "Olafsson Fridrik (ISL)"]
[Result "0-1"]
[WhiteElo "2220"]
[BlackElo "2434"]

1.d4 d5 2.c4 Nf6 3.Nf3 g6 4.g3 Bg7 5.Bg2 O-O 6.O-O dxc4 7.Qc2 b5 8.Ne5 c6
9.Nxc6 Nxc6 10.Bxc6 Bh3 11.Rd1 Bf5 12.Qc3 Rc8 13.Bg2 e5 14.Be3 Nd5 15.Qc1 Nxe3
16.fxe3 exd4 17.e4 Bg4 18.Re1 d3 19.e3 b4 {#R} 0-1

[Event "Cup Mayors (open)"]
[Site "masterchessopen.com Mumbai (India)"]
[Date "2011.09.20"]
[Round "6"]
[White "Prasanna Rao (IND)"]
[Black "Phadke Sohan (IND)"]
[Result "1-0"]
[WhiteElo "2418"]
[BlackElo "2252"]

1.d4 Nf6 2.Nf3 g6 3.g3 Bg7 4.Bg2 d5 5.O-O O-O 6.c4 dxc4 7.Qc2 Nfd7 8.Qxc4 Nb6
9.Qc2 Nc6 10.Rd1 Bg4 11.Be3 Nd5 12.Nc3 Nxe3 13.fxe3 Qc8 14.Qb3 Rb8 15.Rac1 Qf5
16.Rf1 Qe6 17.Qxe6 Bxe6 18.Rfd1 Rfd8 19.Kf2 Na5 20.Ng5 Nc4 21.Nxe6 fxe6 22.Ne4
Rf8+ 23.Bf3 Nd6 24.Nc5 e5 25.dxe5 Nf5 26.Nd7 Bh6 27.Rd3 Rfd8 28.Bd5+ Kh8
29.Nxb8 {#r} 1-0

[Event "Ch Romania (team) (Divizion A)"]
[Site "masterchessopen.com Slanic Moldova (Romania)"]
[Date "2011.10.08"]
[Round "8"]
[White "Florea Leonard-Gelu (ROM)"]
[Black "Turcu Iulian (ROM)"]
[Result "0-1"]
[WhiteElo "2003"]
[BlackElo "2205"]

1.d4 Nf6 2.Nf3 g6 3.g3 Bg7 4.Bg2 O-O 5.O-O d5 6.c4 dxc4 7.Ne5 Nc6 8.Nxc6 bxc6
9.Nc3 Nd5 10.Bd2 Rb8 11.e4 Nb4 12.Ne2 Nd3 13.Bc3 Nxb2 14.Qc2 Nd3 15.Qa4 Bg4
16.f3 Be6 17.Qxc6 Nb4 18.Qc5 Qd6 19.Qa5 Nc2 20.Rab1 Nxd4 21.Nf4 Nc6 22.Rbd1
Nxa5 23.Rxd6 Bxc3 {#R} 0-1

[Event "It (open)"]
[Site "masterchessopen.com Plzen (Czech Republic)"]
[Date "2011.11.22"]
[Round "5"]
[White "Hamza Amira (ALG)"]
[Black "Leseticky Vladimir (CZE)"]
[Result "1-0"]
[WhiteElo "1877"]
[BlackElo "1634"]

1.d4 Nf6 2.Nf3 d5 3.g3 g6 4.Bg2 Bg7 5.O-O O-O 6.c4 dxc4 7.Qc2 Nc6 8.Rd1 Bf5
9.Qxc4 Ne4 10.Nc3 Nxc3 11.bxc3 Qd7 12.Bf4 Bc2 13.Rd2 Na5 14.Qxc7 Qa4 15.Rc1
Rac8 16.Qxe7 Rxc3 17.Ne1 Re8 18.Qh4 Ra3 19.Rdxc2 Rxa2 20.Be3 Ra1 21.Rxa1 Qxa1
22.Rc1 Qa4 23.Qf4 Qb4 24.Nd3 Qb5 25.Ne5 Bxe5 26.dxe5 Qxe2 27.Bd5 {#r} 1-0

[Event "Ch Germany (juniors) (club) (under 20)"]
[Site "masterchessopen.com Osnabrueck (Germany)"]
[Date "2011.12.28"]
[Round "4"]
[White "Zeldin Leonid (GER)"]
[Black "Colpe Malte (GER)"]
[Result "0-1"]
[WhiteElo "2115"]
[BlackElo "2208"]

1.Nf3 Nf6 2.g3 g6 3.Bg2 Bg7 4.O-O O-O 5.c4 d5 6.d4 dxc4 7.Na3 c3 8.bxc3 c5
9.Ne5 Nd5 10.Bb2 Nb6 11.Rc1 Na6 12.Qc2 Bf5 13.Be4 Bxe4 14.Qxe4 Qc8 15.Nac4
Nxc4 16.Nxc4 Qc7 17.Rfd1 Rad8 18.Ne3 e6 19.d5 Rd6 20.Rd3 b5 21.a4 c4 22.Rdd1
Nc5 23.Qc2 Nxa4 24.Ba3 Nxc3 {#R} 0-1

[Event "Tournament (Elo)"]
[Site "masterchessopen.com Chile"]
[Date "2012.01.15"]
[Round "6"]
[White "Squella Lavin Carlos Felipe"]
[Black "Ruiz Zenteno Leonardo Marcial"]
[Result "1-0"]
[WhiteElo "1944"]
[BlackElo "2093"]

1.d4 Nf6 2.Nf3 g6 3.g3 Bg7 4.Bg2 O-O 5.c4 d5 6.O-O dxc4 7.Nc3 Nfd7 8.e4 Na6
9.Qe2 c5 10.d5 Ne5 11.Nxe5 Bxe5 12.Qxc4 e6 13.Bh6 Re8 14.Rad1 Qb6 15.f4 Bd4+
16.Kh1 Qxb2 17.Rxd4 cxd4 18.Qxd4 e5 19.fxe5 Qb6 20.Qd2 Rxe5 21.Qf4 f6 22.Qxe5
{#r} 1-0

[Event "Ch Slovakia (team) 2011/12 (2 liga) (c)"]
[Site "masterchessopen.com Slovakia"]
[Date "2012.02.25"]
[Round "10"]
[White "Stehlik Jan"]
[Black "Svana Peter (SVK)"]
[Result "0-1"]
[WhiteElo "2025"]
[BlackElo "2258"]

1.d4 Nf6 2.c4 g6 3.Nf3 Bg7 4.g3 O-O 5.Bg2 d5 6.O-O dxc4 7.Qc2 Nc6 8.Rd1 a5
9.Qxc4 Be6 10.Qa4 Nb4 11.Na3 c6 12.Re1 Bxa2 13.Qd1 Bd5 14.Bf4 a4 15.Nb1 Bb3
{#R} 0-1

[Event "Ch Czech Republic (team) (1 liga) West"]
[Site "masterchessopen.com Czech Republic"]
[Date "2012.03.18"]
[Round "10"]
[White "Cesal Jaroslav (CZE)"]
[Black "Dvorak Tomas (CZE)"]
[Result "0-1"]
[WhiteElo "2211"]
[BlackElo "2280"]

1.d4 Nf6 2.Nf3 g6 3.g3 Bg7 4.Bg2 O-O 5.O-O d5 6.c4 dxc4 7.Na3 Nc6 8.Nxc4 Be6
9.b3 a5 10.Nce5 Bd5 11.Bb2 a4 12.Nxc6 Bxc6 13.bxa4 Nd7 14.Re1 Nb6 15.a5 Rxa5
16.Bc3 Ra4 17.e3 Qa8 18.Qc2 Nc4 19.e4 Na3 20.Qd2 Nb5 21.e5 Rd8 22.Rec1 Bxf3
23.Bxf3 Bxe5 24.Bd1 Nxc3 25.Qxc3 Bxd4 26.Qxc7 Ra3 27.Rab1 Rxa2 28.Rc2 Rxc2
29.Bxc2 Rc8 30.Qd7 Bxf2+ 31.Kxf2 Rxc2+ 32.Kf3 {#R} 0-1

[Event "Czech League 2011/12 (2nd) (f)"]
[Site "masterchessopen.com Czech Republic"]
[Date "2012.03.25"]
[Round "10"]
[White "Dobes Ludek (CZE)"]
[Black "Kvicala Miroslav (CZE)"]
[Result "1-0"]
[WhiteElo "2069"]
[BlackElo "2028"]

1.d4 Nf6 2.Nf3 g6 3.g3 Bg7 4.Bg2 d5 5.O-O O-O 6.c4 dxc4 7.Na3 c3 8.bxc3 c5
9.Ne5 Nbd7 10.Nac4 Nxe5 11.Nxe5 Ng4 12.f4 cxd4 13.cxd4 Qb6 14.e3 Nxe5 15.fxe5
Be6 16.Ba3 Bc4 17.Rf2 Qe6 18.Bxb7 Rab8 19.Bf3 f6 20.Bg4 f5 21.Bf3 Bh6 22.Qd2
Rb5 23.Qc3 Rfb8 24.Bxe7 Rb1+ 25.Rxb1 Rxb1+ 26.Kg2 Qa6 27.h4 Qe6 28.Bc5 Bxa2
29.Qc2 Ra1 30.Qb2 Bxe3 31.Qb8+ {#r} 1-0

[Event "Tournament"]
[Site "masterchessopen.com Weiz (Austria)"]
[Date "2012.03.25"]
[Round "5"]
[White "Almer Gerald (AUT)"]
[Black "Posch Roland (AUT)"]
[Result "1-0"]
[WhiteElo "2118"]
[BlackElo "2167"]

1.d4 Nf6 2.Nf3 d5 3.g3 g6 4.Bg2 Bg7 5.O-O O-O 6.c4 dxc4 7.a4 Nc6 8.Na3 Ne8
9.e3 Nd6 10.Qe2 Bf5 11.Nxc4 Nb4 12.Ra3 Nd3 13.Rxd3 Nxc4 14.Rb3 Na5 15.Rc3 Qd6
16.Ne5 Rab8 17.Qb5 b6 18.b4 a6 19.Qxa6 Qxb4 20.Rxc7 Qxa4 21.Nc6 Rbe8 22.Nxe7+
Rxe7 23.Rxe7 Qb4 24.Rc7 Qd6 25.Rc3 Qb4 26.Bd2 Be6 27.Rc2 Qa4 28.Rfc1 Bb3
29.Rc7 Qa2 30.Bb4 Re8 31.Qxb6 Nc4 32.Qb5 Rd8 33.R7xc4 {#r} 1-0

[Event "Ch Czech Republic"]
[Site "masterchessopen.com Kouty nad Desnou (Czech Republic)"]
[Date "2012.05.14"]
[Round "3"]
[White "Adamek Jiri (CZE)"]
[Black "Machan Jan (CZE)"]
[Result "1-0"]
[WhiteElo "2285"]
[BlackElo "2000"]

1.Nf3 Nf6 2.c4 g6 3.g3 Bg7 4.Bg2 d5 5.O-O O-O 6.d4 dxc4 7.Qc2 Nc6 8.Rd1 Bf5
9.Qxc4 Ne4 10.Nc3 Nxc3 11.bxc3 Be4 12.d5 Bxf3 13.exf3 Ne5 14.Qb3 Nd7 15.Be3 b6
16.f4 Nc5 17.Qc4 Qd6 18.Rab1 Rab8 19.Bf3 Rfd8 20.h4 Qf6 21.Rbc1 e5 22.Kg2 Qd6
23.h5 f5 24.fxe5 Bxe5 25.Rh1 Bg7 26.hxg6 hxg6 27.Bf4 Qd7 28.d6+ Ne6 29.dxc7
{#r} 1-0

[Event "Ch Vojvodina (open)"]
[Site "masterchessopen.com Novi Sad (Serbia)"]
[Date "2012.07.01"]
[Round "4"]
[White "Kanjuh Vladimir (SRB)"]
[Black "Stojanovic Andjelija (SRB)"]
[Result "0-1"]
[WhiteElo "2120"]
[BlackElo "2290"]

1.d4 Nf6 2.Nf3 g6 3.g3 Bg7 4.Bg2 O-O 5.O-O d5 6.c4 dxc4 7.Na3 c3 8.bxc3 c5
9.Rb1 Nc6 10.Ne5 cxd4 11.Nxc6 bxc6 12.cxd4 Bf5 13.Rb7 Ne4 14.e3 Nd6 15.Rb3 Rc8
16.Bb2 Qa5 17.Bc3 Qa6 18.Bb2 c5 19.dxc5 Bxb2 20.cxd6 Bxa3 21.Bb7 Qxd6 22.Bxc8
Rxc8 23.Qf3 Bc2 24.Qb7 Rc4 25.Qa8+ Kg7 26.Rb8 Be4 27.Rg8+ Kf6 28.Qf8 Rc1 29.f3
Rxf1+ 30.Kxf1 Qd1+ {#R} 0-1